• 首页
  • 本馆介绍
  • 公告通知
  • 最新文献
  • 馆藏检索
  • 电子资源
  • 读者导购
  • 参考咨询
  • 我的图书馆
  • 登录
  • 详细信息显示
  • 放入我的书架
  • 预约/预借图书
  • 作者相关作品
  • 分类相关作品
  • 丛书相关作品
  • 出版社相关作品

书目信息

  • 表格格式
  • 工作单格式
  • 卡片格式
题名:
批评之批评
    
 
作者: 冯平 编
分册:  
出版信息: 上海   华东师范大学出版社  2017
页数: 483页
开本: 24cm
丛书名: 杜威选集
单 册:
中图分类: B712.51 , B018 , B82-097.12
科图分类:
主题词: 价值论(哲学)--研究--美国--现代 , 伦理思想--研究--美国--现代
电子资源:
ISBN: 978-7-5675-6884-6
000 01189oam2 2200313 450
001 6032
005 20180530110201.75
010    @a978-7-5675-6884-6@b精装@dCNY138.00
100    @a20180217d2017 em y0chiy50 ea
101 0  @achi
102    @aCN@b310000
105    @ay z 000yy
200 1  @a批评之批评@9pi ping zhi pi ping@e杜威价值论与伦理学@f冯平编
210    @a上海@c华东师范大学出版社@d2017
215    @a483页@d24cm
225 1  @a杜威选集@f刘放桐,陈亚军主编
330    @a本书收录著名思想家杜威的代表性作品,主要包括他在哲学、教育学、心理学、伦理学、价值论、政治学、宗教和美学等方面的经典著述,由国内研究杜威的知名学者选编作序,旨在为读者提供一个可以便捷而全面地了解杜威思想的渠道。
461  0 @12001 @a杜威选集
517 1  @a杜威价值论与伦理学@9du wei jia zhi lun yu lun li xue
600  0 @a杜威@c(Dewey, John@f1859-1952)@x价值论(哲学)@x研究
600  0 @a杜威@c(Dewey, John@f1859-1952)@x伦理思想@x研究
606 0  @a价值论(哲学)@x研究@y美国@z现代
606 0  @a伦理思想@x研究@y美国@z现代
690    @aB712.51@v5
690    @aB018@v5
690    @aB82-097.12@v5
701  0 @a冯平@9feng ping@4编
801  0 @aCN@b91MARC@c20180217
905    @aMuseLib@dB712.51@e48
    
    批评之批评:杜威价值论与伦理学/冯平编.-上海:华东师范大学出版社,2017
    483页;24cm.-(杜威选集/刘放桐,陈亚军主编)
    
    
    ISBN 978-7-5675-6884-6(精装):CNY138.00
    本书收录著名思想家杜威的代表性作品,主要包括他在哲学、教育学、心理学、伦理学、价值论、政治学、宗教和美学等方面的经典著述,由国内研究杜威的知名学者选编作序,旨在为读者提供一个可以便捷而全面地了解杜威思想的渠道。
●
相关链接 在E读中查询图书 在五车中查询图书 在当当中查询图书 在豆瓣中查询图书


正题名:批评之批评     索取号:B712.51/48         预约/预借

序号 登录号 条形码 馆藏地/架位号 状态 备注
1 1115785   211157852   第一样本阅览室/ [索取号:B712.51/48] 在馆    
2 1115786   211157861   教育系资料室/ [索取号:B712.51/48] 在馆    
唐山师范学院图书馆 欢迎您!
大连网信软件有限公司© 版权所有